| 000 | 00471nam a2200121Ia 4500 | ||
|---|---|---|---|
| 008 | 171212s9999 xx 000 0 und d | ||
| 020 | _a9780833059369 | ||
| 100 | _aHosek, Susan D. | ||
| 245 |
_cHosek, Susan D. _aHealthcare Coverage and Disability Evaluation for Reserve Component Personnel _bResearch for the 11th Quadrennial Review of Military Compensation |
||
| 260 |
_bRAND Corporation _c2012 |
||
| 650 | _aBusiness | ||
| 856 | _uwww.jstor.org/stable/10.7249/j.ctt3fh01k | ||
| 999 |
_c352136 _d352136 |
||